• 首页
  • 本馆介绍
  • 公告通知
  • 最新文献
  • 馆藏检索
  • 电子资源
  • 读者导购
  • 参考咨询
  • 我的图书馆
  • 登录
  • 详细信息显示
  • 放入我的书架
  • 预约/预借图书
  • 作者相关作品
  • 分类相关作品
  • 丛书相关作品
  • 出版社相关作品

书目信息

  • 表格格式
  • 工作单格式
  • 卡片格式
题名:
欧几里的几何原本
    
 
作者: ;兰纪正 译
分册:  
出版信息: 陕西   陕西科学技术出版社  2003
页数: 673页
开本: 20cm
丛书名:
单 册:
中图分类: O184
科图分类:
主题词: 几何 , 拓扑
电子资源:
ISBN: 7-5369-0357-X
000 00559nam0 2200205 450
001 0732828906
005 20070903090708.90
010    @a7-5369-0357-X@b精装@d¥38.00
100    @a20070903d km y0chiy0120 ea
101 0  @achi
200 1  @a欧几里的几何原本@Aou ji li de ji he yuan ben@g兰纪正译@Glan ji zheng yi
205    @a2版
210    @a陕西@c陕西科学技术出版社@d2003
215    @a673页@d20cm
606 0  @a几何
606 0  @a拓扑
690    @aO184@v3
702  0 @a兰纪正@Alan ji zheng@4译
801  0 @aCN@bPFT@c20070903
905    @a213230@dO184@eS148@f1
    
    欧几里的几何原本/兰纪正译.-2版.-陕西:陕西科学技术出版社,2003
    673页;20cm
    
    
    ISBN 7-5369-0357-X(精装):¥38.00
    
●
相关链接 在E读中查询图书 在五车中查询图书 在当当中查询图书 在豆瓣中查询图书


正题名:欧几里的几何原本     索取号:O184/S148         预约/预借

序号 登录号 条形码 馆藏地/架位号 状态 备注
1 6702936   267029360   密集书库-数信学院/ [索取号:O184/S148] 在馆    
唐山师范学院图书馆 欢迎您!
大连网信软件有限公司© 版权所有